000 00407pab a2200145 454500
008 180718b2002 xxu||||| |||| 00| 0 eng d
100 _aMishra, Vinod Shankar
245 _aEnvironmental justice delivery system: an alternative forum
260 _c2002
300 _ap.62-84.
362 _aJan-Mar
650 _aEnvironmental legislation
773 _aJournal of the Indian Law Institute
909 _a52888
999 _c52888
_d52888